TFT Custom Set - Imbroglio Militaire - Statistiques

Statistiques générales
  • Ce quiz a été pris 2 fois
  • Le résultat moyen est 23 sur 90
Statistiques - réponses
% Correct
Caitlyn
100%
Jarvan IV
100%
Teemo
100%
Ahri
50%
Annie
50%
Azir
50%
Braum
50%
Draven
50%
Dr. Mundo
50%
Fizz
50%
Galio
50%
Graves
50%
Gwen
50%
Illaoi
50%
Jayce
50%
Jhin
50%
Kassadin
50%
Kennen
50%
Kog'Maw
50%
LeBlanc
50%
Leona
50%
Lux
50%
Poppy
50%
Rell
50%
Renekton
50%
Samira
50%
Sejuani
50%
Shen
50%
Sion
50%
Sivir
50%
Sniper
50%
Swain
50%
Thresh
50%
Tristana
50%
Tryndamere
50%
Twisted Fate
50%
Varus
50%
Vi
50%
Viktor
50%
Wukong
50%
Xin Zhao
50%
Ziggs
50%
Archimage
0%
Arctik
0%
Blitzcrank
0%
Cartel
0%
Civil
0%
Combattant
0%
Commando
0%
Conquérant
0%
Consortium
0%
Escouade Omega
0%
Fanatique
0%
Frénétique
0%
Garde du corps
0%
Général
0%
Gragas
0%
Gros bras
0%
Hecarim
0%
Hextech
0%
Immortel
0%
Janna
0%
Jax
0%
Kayle
0%
Knightmare
0%
Lee Sin
0%
Le fisc
0%
Maître Yi
0%
Malzahar
0%
Mercenaire
0%
Miss Fortune
0%
Nautilus
0%
Pistolero
0%
Psycho
0%
Pyke
0%
Quinn
0%
Rammus
0%
Renata Glasc
0%
Scientifique
0%
Shaco
0%
Sona
0%
Stratège
0%
Talon
0%
The Beyond
0%
Tueur à gage
0%
Twitch
0%
Valkyrie
0%
Veigar
0%
Volibear
0%
Zed
0%
Aucun quiz correspondant
Distribution des résultats
% des personnes avec chaque résultat
Percentile par nombre de réponses
Votre historique - résultats
Vous n’avez pas pris ce quiz